[Event "II American Continental"]
[Site "Buenos Aires ARG"]
[Date "2003.08.23"]
[Round "6"]
[White "Hobaica,J"]
[Black "Romero,Le"]
[Result "1/2-1/2"]
[WhiteElo "2281"]
[BlackElo "2096"]

1.d4 Nf6 2.Bg5 d5 3.Bxf6 gxf6 4.g3 Bg7 5.Bg2 f5 6.e3 e6 7.Ne2 Qd6 8.O-O O-O
9.Nf4 b5 10.Nd2 c6 11.Nh5 Qe7 12.c3 Nd7 13.Nxg7 Kxg7 14.f3 Qg5 15.Qe1 Nb6
16.Kh1 a5 17.e4 Nc4 18.f4 Qf6 19.Nxc4 bxc4 20.exf5 exf5 21.Qd2 Rb8 22.b3 cxb3
23.axb3 Rxb3 24.Rxa5 Bd7 25.Ra6 Qd6 26.Bf3 Rfb8 27.Rf2 Rb1+ 28.Kg2 Qc7 29.Bd1 Qb7
30.Ra2 Re8 31.Rb2 Rxb2 32.Qxb2 Qxb2 33.Rxb2 Kf6 34.Kf2 Ke7 35.Re2+ Be6 36.Bc2 Kf6
37.Re1 Ra8 38.Ke3 Ke7 39.Kd2 Kf6 40.Rb1 Ke7 41.Rg1 Ra2 42.Rb1 Ra8 43.Rg1 Ra2
44.Kc1 Ra1+ 45.Bb1 Kf6 46.Kb2 Ra8 47.Bc2 Rb8+ 48.Ka3 Ke7 49.Re1 Kf6 50.Rb1 Rxb1
51.Bxb1 Ke7 52.Bd3 h6 53.Kb2 f6 54.Be2 Bf7 55.Ka3 Kd6 56.Kb4 Be8 57.Bd1 Bf7
58.Ka5 Kc7 59.Bc2 Be6 60.Bd3 Bd7 61.Ba6 Be6 62.Kb4 Kd6 63.Be2 Bf7 64.c4 Be6
65.c5+ Kc7  1/2-1/2

[Event "Acropolis Open"]
[Site "Athens GRE"]
[Date "2003.08.25"]
[Round "1"]
[White "Galanos,D"]
[Black "Stanojoski,Z"]
[Result "0-1"]
[WhiteElo "2140"]
[BlackElo "2496"]

1.d4 Nf6 2.Bg5 c5 3.Nc3 cxd4 4.Qxd4 Nc6 5.Qh4 Qa5 6.O-O-O d6 7.e4 Be6 8.Bxf6 gxf6
9.Kb1 a6 10.Nge2 Rc8 11.Qg3 h5 12.Nf4 h4 13.Qe3 Bh6 14.g3 Ne5 15.Ncd5 Bg4
16.Be2 Bxf4 17.Nxf4 Nc4 18.Qd4 Bxe2 19.Nxe2 Qb5 20.Qc3 Na3+ 21.Qxa3 Qxe2
22.Qa4+ Rc6 23.gxh4 Rxh4 24.Qb3 Rxh2 25.Rhe1 Qxf2 26.Qxb7 Qxc2+ 27.Ka1 Rc7
28.Qa8+ Kd7 29.Rb1 Qc4 30.Re3 Rxb2  0-1

[Event "Open"]
[Site "Porto San Giorgo ITA"]
[Date "2003.08.25"]
[Round "5"]
[White "Trent,L"]
[Black "Farago,I"]
[Result "1-0"]
[WhiteElo "2299"]
[BlackElo "2465"]

1.d4 Nf6 2.Bg5 d5 3.Bxf6 gxf6 4.c4 dxc4 5.e3 c5 6.Bxc4 cxd4 7.exd4 Bg7 8.Nc3 O-O
9.Nge2 Nc6 10.O-O f5 11.d5 Ne5 12.Bb3 Qd6 13.Qd2 Bd7 14.Ng3 Rac8 15.Qg5 Qg6
16.Qe3 Rfe8 17.Nce2 Nc4 18.Qxa7 Qa6 19.Qxa6 bxa6 20.Rfe1 Nxb2 21.Nf4 Bc3
22.Rec1 Be5 23.Nge2 Nc4 24.Rab1 Nd2 25.Rxc8 Rxc8 26.Re1 Nxb3 27.axb3 Bb5
28.g3 Rc2 29.Rc1 Rxc1+ 30.Nxc1 Kf8 31.Kg2 Ke8 32.Kh3 Bf6 33.g4 fxg4+ 34.Kxg4 Bd7+
35.Kf3 Kd8 36.Ncd3 Kc7 37.Ke4 Ba1 38.Nc5 Bb5 39.Nfd3 Kb6 40.f4 Kc7 41.Ne5 f5+
42.Kxf5 Kd6 43.Ne6 Bf1 44.Nc4+ Kd7 45.Nc5+ Kd8 46.Ke6 Be2 47.Nxa6 Bd1 48.Na5 Ke8
49.b4 Bg4+ 50.f5 Bh5 51.Nc7+ Kd8 52.d6 exd6 53.Nd5 Bg4 54.Nb7+  1-0

[Event "TCh-BIH"]
[Site "Neum BIH"]
[Date "2003.08.26"]
[Round "5"]
[White "Kovacevic,B"]
[Black "Sekulic,D"]
[Result "1-0"]
[WhiteElo "2454"]
[BlackElo "2330"]

1.d4 Nf6 2.Bg5 c5 3.Bxf6 gxf6 4.d5 f5 5.c3 d6 6.g3 Bg7 7.a4 O-O 8.Bg2 e5
9.Qc2 Na6 10.Nd2 Nc7 11.Nc4 Qf6 12.Rd1 Rd8 13.Nf3 Bh6 14.O-O Ne8 15.Nfd2 Qg6
16.f4 e4 17.Ne3 Nf6 18.Kf2 Kh8 19.Rg1 Rg8 20.Ndc4 Bf8 21.b4 cxb4 22.cxb4 Be7
23.Qb2 Rg7 24.Bf1 Qh6 25.Rg2 Bd7 26.b5 Rag8 27.Ke1 Ne8 28.Na5 Qf6 29.Qxf6 Bxf6
30.Rc1 Bd4 31.Nec4 b6 32.Nb3 Bc5 33.Nxc5 dxc5 34.e3 f6 35.Rd1 h5 36.Rdd2 h4
37.Kf2 Nc7 38.Rd1 Rd8 39.gxh4 Be6 40.d6 Rxg2+ 41.Kxg2 Nd5 42.Rd2 Nb4 43.Nb2 Nd3
44.Nxd3 Rxd6 45.Rd1 exd3 46.Rxd3 Rxd3 47.Bxd3 Bd5+ 48.Kf2 Be4 49.Bc4 Bc2
50.Ke2 Bxa4 51.Kd3 Bd1 52.e4 Kg7 53.e5 Bh5 54.Ke3 Be8 55.Kd3 fxe5 56.fxe5 Kg6
57.Ke3  1-0

[Event "It"]
[Site "Sharjah UAE"]
[Date "2003.08.29"]
[Round "4"]
[White "Bakre,T"]
[Black "Khalid,A"]
[Result "1-0"]
[WhiteElo "2434"]
[BlackElo "2185"]

1.d4 Nf6 2.Bg5 g6 3.Bxf6 exf6 4.e3 Bg7 5.c4 O-O 6.Nc3 d6 7.g3 f5 8.Nge2 Nd7
9.Bg2 Rb8 10.O-O a6 11.Qd3 Nf6 12.b4 b5 13.cxb5 axb5 14.Nxb5 Ba6 15.a4 Qd7
16.Qc2 d5 17.Rfb1 Bxb5 18.axb5 Qxb5 19.Ra5 Qd7 20.Rc5 Rfc8 21.Rc6 Ne4 22.b5 Bf8
23.Nf4 Kg7 24.Bf1 Bd6 25.Nxd5 Bxg3 26.hxg3 Qxd5 27.b6 Nd2 28.Bg2 Nf3+ 29.Bxf3 Qxf3
30.b7 Re8 31.Rxc7 f4 32.Qd1 Qxd1+ 33.Rxd1 fxe3 34.fxe3 Rxe3 35.d5 Rxg3+ 36.Kf2 Rb3
37.d6 R3xb7 38.Rxb7 Rxb7 39.d7 Rb8 40.d8=Q Rxd8 41.Rxd8 h5 42.Kf3 Kf6 43.Rd5 g5
44.Ke4 Kg6 45.Rd6+ f6 46.Ra6 h4 47.Kf3 Kf5 48.Ra5+ Kg6 49.Kg4 Kh6 50.Ra6 Kg6
51.Rb6 Kg7 52.Kf5 h3 53.Rb7+ Kh6 54.Rb3  1-0

[Event "12th Monarch Assurance"]
[Site "Port Erin IOM"]
[Date "2003.09.02"]
[Round "6"]
[White "Gordon,S"]
[Black "Fossum,Oy"]
[Result "1-0"]
[WhiteElo "2216"]
[BlackElo "2090"]

1.d4 Nf6 2.Bg5 d5 3.Bxf6 exf6 4.e3 Bd6 5.g3 O-O 6.Bg2 c6 7.Ne2 Nd7 8.O-O f5
9.b3 Nf6 10.c4 dxc4 11.bxc4 Qa5 12.Nbc3 Be6 13.c5 Be7 14.Qc2 g6 15.Rfb1 Rab8
16.Qa4 Qxa4 17.Nxa4 Bc4 18.Rb2 Rfc8 19.Rc1 Ba6 20.Nec3 Nd7 21.Rcb1 Bd8 22.Bf1 Bxf1
23.Kxf1 b5 24.cxb6 axb6 25.Rb3 Ra8 26.Nb2 Kf8 27.a4 c5 28.Rd1 cxd4 29.exd4 Ra5
30.Rd3 Nf6 31.Nbd1 Nd5 32.Nxd5 Rxd5 33.Nc3 Ra5 34.Rb4 Ke8 35.d5 Kd7 36.d6 Rc6
37.Nb5 Bf6 38.g4 Rc1+ 39.Kg2 Ra1 40.Rc4 R1xa4 41.Rc7+ Ke6 42.d7 Rxg4+ 43.Kf3 Bd8
44.Rc8 Ke7 45.Nc3 Ra6 46.Rb8 Ra7 47.Nd5+ Kxd7 48.Ne3+ Ke7 49.Rdxd8 Rh4 50.Nd5+ Ke6
51.Rxb6+ Ke5 52.Ne3 Ra5 53.Re8+ Kd4 54.Rd6+ Kc5 55.Rd5+ Kb6 56.Rxa5 Kxa5
57.Kg2 Kb4 58.Re7 Kc5 59.Rxf7 Kd6 60.Rxf5 Rxh2+ 61.Kxh2 gxf5 62.Nxf5+ Ke5
63.Nh4 Kf4 64.f3 h6 65.Kg2 Kg5 66.Kg3 Kf6 67.f4 h5 68.Kf3 Ke6 69.Ke4 Kf6
70.f5 Kg5 71.Nf3+ Kf6 72.Kf4  1-0

[Event "VII Pablo Gorbea"]
[Site "Madrid ESP"]
[Date "2003.09.03"]
[Round "3"]
[White "Rodriguez Gonzalez,J"]
[Black "Alonso,S"]
[Result "1/2-1/2"]
[WhiteElo "2249"]
[BlackElo "2474"]

1.d4 Nf6 2.Bg5 c5 3.Bxf6 gxf6 4.d5 Qb6 5.Qc1 f5 6.e3 Na6 7.c4 Bg7 8.Nc3 d6
9.Bd3 Bd7 10.Nge2 e6 11.a3 Qb3 12.O-O h5 13.Rb1 e5 14.Bc2 Qb6  1/2-1/2

[Event "12th Monarch Assurance"]
[Site "Port Erin IOM"]
[Date "2003.09.03"]
[Round "7"]
[White "Agdestein,S"]
[Black "Sulskis,S"]
[Result "1/2-1/2"]
[WhiteElo "2571"]
[BlackElo "2578"]

1.d4 Nf6 2.Bg5 d5 3.Bxf6 exf6 4.e3 f5 5.c4 f4 6.exf4 Bb4+ 7.Nc3 O-O 8.Nf3 Bg4
9.Be2 dxc4 10.O-O Nc6 11.Bxc4 Qd6 12.a3 Bxc3 13.bxc3 Qxf4 14.Qd2 Qxd2 15.Nxd2 Na5
16.Ba2 Rfe8 17.Rfe1 Rxe1+ 18.Rxe1 Kf8 19.f3 Bd7 20.g4 h6 21.Kf2 Re8 22.Ne4 b6
23.h4 f5 24.gxf5 Bxf5 25.Kg3 Bg6 26.Kf4 Bf7 27.Bxf7 Kxf7 28.a4  1/2-1/2

[Event "It"]
[Site "Poitou Charentes FRA"]
[Date "2003.09.06"]
[Round "1"]
[White "Saada,J"]
[Black "Gladyszev,O"]
[Result "0-1"]
[WhiteElo "2245"]
[BlackElo "2455"]

1.d4 Nf6 2.Bg5 g6 3.Bxf6 exf6 4.e3 Bg7 5.g3 f5 6.Bg2 d6 7.Ne2 Nd7 8.c4 Nf6
9.Nbc3 O-O 10.O-O Bd7 11.Qd3 Bc6 12.Nd5 Bxd5 13.cxd5 Re8 14.Rac1 Re7 15.Rc4 h5
16.Rfc1 h4 17.Qc2 Rc8 18.a4 Bh6 19.Rb4 hxg3 20.hxg3 Qe8 21.Bf3 b6 22.a5 bxa5
23.Rb7 Ng4 24.Bxg4 fxg4 25.Kg2 c5 26.Rxe7 Qxe7 27.Ra1 Rc7 28.Qd3 Qg5 29.Nc3 cxd4
30.exd4 Re7 31.Qb5 Qf6 32.Qd3 Qg5 33.Qb5 Kg7 34.Qd3 f5 35.Ne2 Qd2 36.Qxd2 Bxd2
37.Nc3 Rb7 38.Rxa5 Rxb2 39.Rxa7+ Kh6 40.Ne2 Bg5 41.Kf1 Rb1+ 42.Kg2 Rb5 43.Nc3 Rb2
44.Kf1 Bd2 45.Ne2 Rb1+ 46.Kg2 Rb5 47.Ra2 Ba5 48.Ra3 Rxd5 49.Re3 Bd2 50.Re7 Bg5
51.Rf7 Bd2 52.Ra7 Ra5 53.Re7 Kg5 54.Re6 Rd5 55.Kf1 Kh5 56.Kg2 Bh6 57.Rf6 Bd2
58.Re6 Kh6 59.Re7 g5 60.f3 gxf3+ 61.Kxf3 g4+ 62.Kf2 Kg5 63.Re8 Rb5 64.Rd8 Rb3
65.Rxd6 Rf3+ 66.Kg2 Be3 67.Nc3 Rxg3+ 68.Kf1 Bxd4 69.Ne4+ fxe4 70.Rxd4 Kf4
71.Ra4 Rb3  0-1

[Event "TCh-CRO"]
[Site "Rabac CRO"]
[Date "2003.09.10"]
[Round "4"]
[White "Kovacevic,B"]
[Black "Nikolac,J"]
[Result "1-0"]
[WhiteElo "2454"]
[BlackElo "2418"]

1.d4 Nf6 2.Bg5 d5 3.e3 c6 4.Bxf6 gxf6 5.c4 e6 6.Nc3 Nd7 7.Rc1 a6 8.c5 b6
9.b4 Be7 10.Bd3 a5 11.a3 axb4 12.axb4 bxc5 13.bxc5 Ba6 14.Nge2 Bxd3 15.Qxd3 f5
16.O-O O-O 17.Ra1 Qc7 18.Ra6 Ra7 19.Rfa1 Rfa8 20.g3 Bd8 21.Kg2 Qb7 22.Rxa7 Rxa7
23.Rxa7 Qxa7 24.Qb1 Bc7 25.Qb3 Kf8 26.Qa4 Qxa4 27.Nxa4 Ke7 28.Nb2 Ba5 29.Nd3 f6
30.Kh3 e5 31.Kh4 e4 32.Nb2 Kf7 33.Kh3 Be1 34.Kg2 Nb8 35.Na4 Ba5 36.Nb6 Bxb6
37.cxb6 Nd7 38.b7 Ke7 39.Kh3 Kd6 40.Kh4 Kc7 41.Kh5 c5 42.Kh6 cxd4 43.Nxd4  1-0

[Event "TCh-CRO w"]
[Site "Rabac CRO"]
[Date "2003.09.10"]
[Round "4"]
[White "Stefanova,A"]
[Black "Grobelsek,A"]
[Result "1-0"]
[WhiteElo "2503"]
[BlackElo "2140"]

1.d4 Nf6 2.Bg5 d5 3.e3 Ne4 4.Bf4 c5 5.Bd3 Qb6 6.Bxe4 Qxb2 7.Bxd5 Qxa1 8.Nf3 e6
9.Bb3 cxd4 10.O-O Nc6 11.exd4 Be7 12.Bd2 Bb4 13.c3 Be7 14.c4 Bb4 15.Bxb4 Nxb4
16.Qd2 Nd3 17.Qxd3 Qb2 18.Ng5 Kd7 19.c5 a5 20.Nd2 Qa3 21.Nc4 Qb4 22.a3  1-0

[Event "EYg18"]
[Site "Budva YUG"]
[Date "2003.09.13"]
[Round "1"]
[White "Hasanova,E"]
[Black "Elek,M"]
[Result "1-0"]
[WhiteElo "2214"]
[BlackElo "1977"]

1.d4 Nf6 2.Bg5 d5 3.Bxf6 exf6 4.e3 Bd6 5.g3 Bf5 6.Bg2 c6 7.Ne2 Qb6 8.Qc1 O-O
9.O-O Nd7 10.Nd2 Bb4 11.c3 Bd3 12.Re1 Bd6 13.c4 Qa6 14.b3 Rac8 15.Qc3 Bg6
16.e4 dxe4 17.Nxe4 Bxe4 18.Bxe4 Rfe8 19.Qc2 g6 20.Nc3 Qa5 21.a3 Qh5 22.b4 f5
23.Bg2 Nf6 24.Qd3 Ng4 25.h3 Nf6 26.d5 Be5 27.dxc6 bxc6 28.Rad1 f4 29.g4 Nxg4
30.hxg4 Qxg4 31.Ne4 f5 32.Nc5 f3 33.Qxf3 Qxc4 34.Qb3 Qxb3 35.Nxb3 Bb2 36.Rxe8+ Rxe8
37.Bxc6 Rc8 38.b5 Bxa3 39.Rd7 Bb2 40.Rxa7 Be5 41.Re7 Bb8 42.Nd4 Bd6 43.Rd7 Be5
44.Ne6 Bc3 45.Bd5 Kh8 46.b6 Be5 47.b7 Re8 48.Ng5  1-0

[Event "zt 2.5"]
[Site "Asuncion PAR"]
[Date "2003.09.15"]
[Round "2"]
[White "Vera,I"]
[Black "Sosa Harrison,J"]
[Result "0-1"]
[WhiteElo "2189"]
[BlackElo "2294"]

1.d4 d5 2.Bg5 Nf6 3.Nf3 e6 4.e3 Be7 5.Bd3 b6 6.c3 Bb7 7.Nbd2 Nbd7 8.O-O Ne4
9.Bf4 g5 10.Be5 f6 11.Bg3 h5 12.h3 f5 13.Bxe4 dxe4 14.Ne5 Bd6 15.Qb3 Rh6
16.Ndc4 Bd5 17.Qa4 Bxc4 18.Qxc4 Bxe5 19.Bxe5 Nxe5 20.dxe5 Qd5 21.Qxc7 Qd7
22.Qc4 Rc8 23.Qa6 Rh7 24.Rfd1 Qb7 25.Qxb7 Rxb7 26.Rd6 Re7 27.Rad1 Rc5 28.Rd8+ Kf7
29.Rh8 Kg6 30.Rdd8 Rxe5 31.Rhg8+ Kh6 32.Rdf8 Rd5 33.Rf6+ Kh7 34.Rxg5 Rd1+
35.Kh2 Rd2 36.Kg3 h4+ 37.Kxh4 Rxf2 38.Kh5 Kh8 39.Rf8+ Kh7 40.Rg6 Rxb2 41.Rgg8 Re2
42.Rh8+ Kg7 43.g4 Rf7 44.Rfg8+ Kf6 45.g5+ Ke5 46.g6 Rd7 47.Rd8 Rxe3 48.h4 Rxd8
49.Rxd8 Rg3 50.Kh6 e3 51.Rd1 f4 52.g7 f3 53.Rd3 e2 54.Re3+ Kf4 55.Rxe6 Rxg7
56.Kxg7 f2 57.h5 f1=Q  0-1

[Event "ch-Nordic"]
[Site "Aarhus DEN"]
[Date "2003.09.16"]
[Round "10"]
[White "Naes,F"]
[Black "Hansen,Cu"]
[Result "0-1"]
[WhiteElo "2330"]
[BlackElo "2618"]

1.d4 Nf6 2.Bg5 d5 3.Bxf6 exf6 4.e3 c6 5.g3 f5 6.Qd3 g6 7.Bg2 Nd7 8.Ne2 Nf6
9.O-O h5 10.b3 h4 11.c4 hxg3 12.hxg3 dxc4 13.bxc4 Bg7 14.Qa3 Ne4 15.Rd1 Be6
16.Qd3 Qa5 17.Nbc3 Nxc3 18.Nxc3 O-O 19.Rab1 Rab8 20.Rd2 Rfd8 21.Rdb2 Qc7
22.c5 b6 23.cxb6 axb6 24.Qa6 c5 25.Nb5 Qd7 26.Rc2 f4 27.gxf4 Bh3 28.Bf3 Qf5
29.Na3 cxd4 30.Rxb6 Bg4 31.Bg2 d3 32.Rxb8 Rxb8 33.Rd2 Be2 34.Rxe2 dxe2 35.Qxe2 Rb2
36.Qc4 Bf8 37.Qc3 Rxa2 38.Nc4 Qb1+ 39.Bf1 Ra1 40.Nd2 Qd1 41.Kh2 Rc1 42.Qd3 Be7
43.Kg3 Kg7 44.Qd7 Rc2 45.Qxe7 Qxd2 46.Qe5+ Kh7 47.Qe7 Qxf2+ 48.Kg4 Qg1+ 49.Kh4 Qh1+
50.Bh3 Qd5 51.e4 Qh5+ 52.Kg3 Rc3+ 53.Kf2 Qf3+  0-1

[Event "Saipa Cup"]
[Site "Tehran IRI"]
[Date "2003.09.17"]
[Round "5"]
[White "Ardeshi,M"]
[Black "Mohajerin,P"]
[Result "1-0"]
[WhiteElo "2339"]
[BlackElo "2270"]

1.d4 Nf6 2.Bg5 c5 3.Bxf6 gxf6 4.c3 b6 5.e3 Bb7 6.Nf3 e6 7.Nbd2 f5 8.Bd3 d6
9.Qe2 Qc7 10.O-O Nd7 11.Ba6 Nf6 12.a4 Bc6 13.Bb5 Bg7 14.Bxc6+ Qxc6 15.Qb5 Rc8
16.b4 cxb4 17.cxb4 Ke7 18.Qa6 Rc7 19.Rfc1 Qxc1+ 20.Rxc1 Rxc1+ 21.Nf1 Rc7
22.Ne1 Nd5 23.Nd3 e5 24.Ng3 e4 25.Ne1 Ke6 26.Qb5 Rc1 27.Kf1 Bf6 28.Ne2 Rc7
29.h3 h5 30.g3 Bg5 31.a5 Rhc8 32.axb6 axb6 33.Qa4 Rc4 34.Ng2 Rc1+ 35.Nxc1 Rxc1+
36.Ne1 Rb1 37.b5 Nb4 38.Kg2 Be7 39.Nc2 Nd5 40.Qc4 Rb2 41.h4 Rb1 42.Kh3 Rh1+
43.Kg2 Rb1 44.Kh2 Rb2 45.Kh3 Rb1 46.Qc8+ Kf6 47.Qh8+ Ke6 48.Qc8+ Kf6 49.Na3 Ra1
50.Nc4 Rc1 51.Qh8+ Ke6 52.Ne5 Nc3 53.Qc8+ Kf6 54.Nd7+ Kg7 55.Nxb6 Ne2 56.Qxf5 Rh1+
57.Kg2 Rg1+ 58.Kh2 Rf1 59.Nd5 Bd8 60.b6  1-0

[Event "2nd Masters"]
[Site "Villeurbanne FRA"]
[Date "2003.09.19"]
[Round "9"]
[White "Thiriet,B"]
[Black "Carlhammar,M"]
[Result "1/2-1/2"]
[WhiteElo "2173"]
[BlackElo "2279"]

1.d4 Nf6 2.Bg5 c5 3.Bxf6 gxf6 4.d5 Qb6 5.Qc1 f5 6.g3 Bg7 7.c3 d6 8.Bh3 Na6
9.Nd2 Nc7 10.Nc4 Qa6 11.Ne3 e6 12.Qd2 b5 13.Nf3 Bh6 14.dxe6 fxe6 15.O-O O-O
16.Qd3 Bb7 17.Nd2 Qb6 18.c4 d5 19.cxd5 Rad8 20.Nf3 Nxd5 21.Nxd5 Bxd5 22.Qc2 Be4
23.Qc3 Bg7 24.Qc1 h6 25.Bg2 c4 26.Nh4 Bxg2 27.Nxg2 Qd4 28.Rb1 Qd2 29.Nf4 Kf7
30.b3 Qxc1 31.Rfxc1 c3 32.Rc2 Rd7 33.Nd3 Rc8 34.f4 Rd4 35.b4 Rdc4 36.Rb3 R8c6
37.Ra3 a6 38.Kf1 Ke7 39.Rb3 Kd6 40.Rb1 Bd4 41.Rd1 Kc7 42.Kg2 a5 43.a3 axb4
44.axb4 Ra6 45.Kf3 Ra4 46.Rb1 Ra3 47.g4 fxg4+ 48.Kxg4 e5 49.Kf5 exf4 50.Nxf4 Kc6
51.e4 Ra7 52.Nd5 Rg7 53.Rbc1 Rg5+ 54.Kf4 Be5+ 55.Kf3 Rh5 56.Kg4 Rxh2 57.Rxh2 Bxh2
58.Rxc3 Be5 59.Re3 Bd6 60.Kf5 Bxb4 61.Nxb4+ Rxb4 62.Rh3 Rb1  1/2-1/2

[Event "4th YM"]
[Site "Lausanne SUI"]
[Date "2003.09.20"]
[Round "2.3"]
[White "McShane,L"]
[Black "Mamedyarov,S"]
[Result "1-0"]
[WhiteElo "2619"]
[BlackElo "2585"]

1.d4 Nf6 2.Bg5 c5 3.d5 d6 4.c4 h6 5.Bf4 e5 6.dxe6 Bxe6 7.Nc3 Bxc4 8.Qa4+ b5
9.Nxb5 Bxb5 10.Qxb5+ Nbd7 11.O-O-O Rb8 12.Qd3 Qb6 13.b3 Ne5 14.Qc2 c4 15.Nf3 cxb3
16.axb3 Nc6 17.Kb2 Nb4 18.Qc4 Be7 19.Nd4 Nfd5 20.g3 O-O 21.Bh3 Bf6 22.e3 g5
23.e4 Nc6 24.exd5 Nxd4 25.Be3 Nxb3+ 26.Kc2 Qa5 27.Kd3 Qa2 28.Qc2 Nc5+ 29.Bxc5 Rb3+
30.Kd2 Rb2 31.Ke1  1-0

[Event "TCh-FIN 2003-4"]
[Site "Finland FIN"]
[Date "2003.09.21"]
[Round "2"]
[White "Franssila,T"]
[Black "Niemela,A"]
[Result "1/2-1/2"]
[WhiteElo "2269"]
[BlackElo "2268"]

1.d4 Nf6 2.Bg5 c5 3.d5 Qb6 4.Nc3 g6 5.e4 Bg7 6.e5 Qxb2 7.Nge2 Ne4 8.Nxe4 Qxe5
9.N2c3 f5 10.f4 Qd4 11.Qxd4 Bxd4 12.Rd1 fxe4 13.Nb5 Na6 14.Nxd4 cxd4 15.Rxd4 Nc5
16.d6 e6 17.h4 h5 18.Be2 b6 19.g4 Bb7 20.gxh5 gxh5 21.Rg1 Kf7 22.f5 Ba6 23.Bxa6 Nxa6
24.Rxe4 Nc5 25.fxe6+ dxe6 26.Rf4+ Ke8 27.Bf6 Rf8 28.Rg7 Rf7 29.Rg8+ Rf8 30.Rxf8+ Kxf8
31.Bd4+ Ke8 32.Bxc5 bxc5 33.Rc4 Rc8 34.Ra4 Kd7 35.Rxa7+ Kxd6 36.Rh7 Ra8 37.Rxh5  1/2-1/2

[Event "ch-HUN w"]
[Site "Budapest HUN"]
[Date "2003.09.22"]
[Round "2"]
[White "Toth,Li"]
[Black "Gara,T"]
[Result "0-1"]
[WhiteElo "2196"]
[BlackElo "2249"]

1.d4 Nf6 2.Bg5 d5 3.Bxf6 gxf6 4.g3 c5 5.e4 dxe4 6.d5 Bg7 7.Nc3 f5 8.Nh3 O-O
9.Qh5 Qb6 10.O-O-O Qh6+ 11.Qxh6 Bxh6+ 12.Kb1 Bd7 13.Be2 a6 14.a4 Bg7 15.f3 b5
16.axb5 axb5 17.fxe4 b4 18.Na2 fxe4 19.Nf2 Bf5 20.Bc4 Bd4 21.g4 Bg6 22.Nh3 Be5
23.Rhe1 Nd7 24.c3 Nb6 25.Bb5 Ra5 26.Bf1 b3 27.Nc1 c4 28.Bxc4 Nxc4 29.Nxb3 Rb5  0-1

[Event "3rd ch-Euro Senior"]
[Site "Saint Vincent ITA"]
[Date "2003.09.22"]
[Round "6"]
[White "Vanka,M"]
[Black "Gruzmann,B"]
[Result "1/2-1/2"]
[WhiteElo "2260"]
[BlackElo "2316"]

1.d4 Nf6 2.Bg5 c5 3.Bxf6 gxf6 4.e3 cxd4 5.exd4 Qb6 6.b3 Bg7 7.Nf3 d6 8.Be2 Nc6
9.O-O f5 10.c3 O-O 11.Nbd2 e5 12.Nc4 Qd8 13.dxe5 dxe5 14.Qxd8 Rxd8 15.Rad1 Be6
16.Ng5 e4 17.Nxe6 fxe6 18.Nd6 Nd4 19.cxd4 Rxd6 20.d5 Rxd5 21.Bc4 Re5 22.Rd6 Re8
23.a4 Kf7 24.Re1 Re7 25.g4 fxg4 26.Rd4 h5 27.Rdxe4 Rxe4 28.Rxe4 Kf6 29.h3 gxh3
30.f4 Kf5 31.Bd3 h4 32.Kh2 Bh6 33.Rd4+ Kg4 34.Be2+ Kf5 35.Bd3+  1/2-1/2

[Event "ch-IRI"]
[Site "Mashad IRI"]
[Date "2003.09.25"]
[Round "2"]
[White "Ardeshi,M"]
[Black "Dehghani,H"]
[Result "0-1"]
[WhiteElo "2339"]
[BlackElo "2220"]

1.d4 Nf6 2.Bg5 c5 3.Bxf6 gxf6 4.c3 Qb6 5.Qd2 d5 6.e3 Bf5 7.dxc5 Qxc5 8.Bd3 Bxd3
9.Qxd3 e6 10.Nd2 Nd7 11.Ngf3 Ne5 12.Qe2 Bg7 13.e4 O-O 14.O-O Rad8 15.Rfd1 Qb6
16.Nb3 dxe4 17.Qxe4 f5 18.Qe2 Nxf3+ 19.Qxf3 a5 20.Qf4 Qb5 21.Rxd8 Rxd8 22.Qc7 Qd5
23.Rf1 a4 24.c4 Qd6 25.Qxd6 Rxd6 26.Nc5 Rc6 27.b4 axb3 28.Nxb3 Rxc4 29.Rc1 Rxc1+
30.Nxc1 Kf8 31.Kf1 Ke7 32.Ke2 Kd6 33.Kd3 Kc5 34.Nb3+ Kb4 35.Kc2 e5 36.f3 e4
37.fxe4 fxe4 38.g4 b6 39.Nd2 e3 40.Ne4 Ka3 41.Nd6 Kxa2 42.Nxf7 b5 43.Nd6 b4
44.Nc4 b3+ 45.Kd3 Bh6 46.h4 Bf4 47.g5 b2 48.Nxb2 Kxb2  0-1

[Event "Tatry Open"]
[Site "Tatranske Zruby SVK"]
[Date "2003.09.27"]
[Round "1"]
[White "Wiley,To"]
[Black "Skapikova,L"]
[Result "1-0"]
[WhiteElo "2328"]
[BlackElo "2033"]

1.d4 Nf6 2.Bg5 d5 3.e3 Bf5 4.Bxf6 exf6 5.Ne2 Nd7 6.Nd2 Nb6 7.Ng3 Bg6 8.h4 h6
9.h5 Bh7 10.Bb5+ c6 11.Bd3 Bxd3 12.cxd3 Qd7 13.Qf3 Nc8 14.O-O Nd6 15.Nb3 b6
16.e4 Nb5 17.Rac1 O-O-O 18.a4 Nc7 19.Rc2 Ne6 20.a5 Kb7 21.Rfc1 c5 22.axb6 axb6
23.dxc5 Bxc5 24.Nxc5+ bxc5 25.Ne2 Rhe8 26.d4 c4 27.exd5 Qxd5 28.Rxc4 Re7
29.Rb4+ Ka8 30.Ra1+ Ra7 31.Rxa7+  1-0

[Event "12th Monarch Assurance"]
[Site "Port Erin IOM"]
[Date "2003.09.29"]
[Round "3"]
[White "Wells,P"]
[Black "Sulskis,S"]
[Result "1/2-1/2"]
[WhiteElo "2481"]
[BlackElo "2578"]

1.d4 Nf6 2.Bg5 d5 3.Bxf6 gxf6 4.c4 c5 5.cxd5 Qxd5 6.Nf3 cxd4 7.Nc3 Qa5 8.Nxd4 Bg7
9.e3 O-O 10.Bd3 Rd8 11.O-O f5 12.Qh5 e6 13.Rad1 Qe5 14.Nf3 Qf6 15.e4 Nc6
16.Rfe1 Qg6 17.Qh4 Qg4 18.exf5 Qxh4 19.Nxh4 Bf6 20.g3  1/2-1/2

[Event "ECC"]
[Site "Rethymnon GRE"]
[Date "2003.10.02"]
[Round "5"]
[White "Clarke,T"]
[Black "Fejzullahu,A"]
[Result "0-1"]
[WhiteElo "2128"]
[BlackElo "2306"]

1.d4 Nf6 2.Bg5 g6 3.Bxf6 exf6 4.h4 h5 5.e4 c6 6.c4 d5 7.exd5 cxd5 8.cxd5 Qxd5
9.Nc3 Bb4 10.Qd2 Qa5 11.Bc4 O-O 12.Nge2 Kg7 13.a3 Re8 14.Rc1 Bxc3 15.Rxc3 Nc6
16.O-O Bg4 17.f3 Bf5 18.Ng3 Rad8 19.d5 Ne5 20.Nxf5+ gxf5 21.Ba2 Ng6 22.b4 Qb6+
23.Rc5 Qd6 24.Qf2 Nf4 25.Bc4 Kh6 26.Kh1 Rg8 27.Rg1 Rg6 28.Qc2 Rdg8 29.Qxf5 Nxg2
30.Qh3 Rg3 31.Qh2 Qf4 32.d6 Nxh4 33.Rxg3 Rxg3 34.Be2 Nf5 35.d7 Qd2 36.Qf2 Qxd7
37.Rxf5 Rh3+ 38.Kg2 Qxf5 39.Qe3+ Kg7 40.Bd3 Qd7 41.Qf4 Qxd3 42.Kxh3 Qxa3
43.Qg3+ Kh7 44.Qf4 Qa6 45.Qf5+ Kh6 46.Kh4 Qc4+ 47.f4 Kg7 48.Kxh5 Qe6 49.Qd3 f5
50.Kh4 Qg6  0-1

[Event "ECC"]
[Site "Rethymnon GRE"]
[Date "2003.10.02"]
[Round "5"]
[White "McShane,L"]
[Black "Sutovsky,E"]
[Result "1-0"]
[WhiteElo "2619"]
[BlackElo "2639"]

1.d4 Nf6 2.Bg5 c5 3.Bxf6 gxf6 4.d5 Qb6 5.Qc1 f5 6.c4 Bg7 7.Nc3 d6 8.e3 Nd7
9.Qc2 Qa5 10.Nf3 b5 11.cxb5 Nb6 12.Nd2 Bb7 13.Nb3 Qb4 14.a3 Bxc3+ 15.bxc3 Qa4
16.c4 a6 17.Qc3 Rg8 18.bxa6 Bxa6 19.Nd2 e6 20.Rb1 Nd7 21.Be2 Bc8 22.dxe6 fxe6
23.Rb3 Rxg2 24.Qh8+ Nf8 25.Bf3 Rg6 26.Bxa8 Qxa8 27.Rf1 e5 28.f4 Be6 29.fxe5 d5
30.Rb6 Ke7 31.Rxe6+ Kxe6 32.cxd5+ Kxd5 33.Rxf5 Rg1+ 34.Kf2 Rd1 35.Qg8+ Kc6
36.Qg2+  1-0

[Event "1st ch-Mediterranean w"]
[Site "Beruit LIB"]
[Date "2003.10.03"]
[Round "7"]
[White "Lebel Arias,J"]
[Black "Mir Mahmoud,A"]
[Result "1/2-1/2"]
[WhiteElo "1988"]
[BlackElo "2052"]

1.d4 Nf6 2.Bg5 d5 3.Bxf6 exf6 4.e3 Bd6 5.Bd3 O-O 6.Qf3 c6 7.Ne2 Qe7 8.Nd2 Be6
9.O-O Nd7 10.c4 g6 11.Nc3 dxc4 12.Nxc4 Bxc4 13.Bxc4 Nb6 14.Bb3 f5 15.h3 Rad8
16.Rac1 Bb8 17.Rfd1 Kg7 18.g3 Rd7 19.h4 h5 20.Kg2 Rfd8 21.a3 Qf6 22.Ba2 Qe7
23.b4 a6 24.Rb1 Qf6 25.a4 Nc8 26.b5 axb5 27.axb5 c5 28.Nd5 Qd6 29.dxc5 Qxc5
30.e4 Nd6 31.Rbc1 Qa7 32.Qc3+ Kh6 33.Qd2+ Kg7 34.Qb2+ Kh6 35.Nf6 Nc4 36.Bxc4 Rxd1
37.Ne8 Qd4 38.Rxd1 Qxb2 39.Rxd8 Ba7 40.Nd6 Qxf2+ 41.Kh3 Qg1 42.Nxf7+ Kg7
43.Rg8+ Kf6 44.e5+ Ke7 45.Bd5 Qf1+ 46.Bg2 Qxb5 47.Nd6 Qxe5 48.Re8+ Kxd6 49.Rxe5 Kxe5
50.Bxb7  1/2-1/2

[Event "ECC"]
[Site "Rethymnon GRE"]
[Date "2003.10.04"]
[Round "7"]
[White "Karttunen,M"]
[Black "Movsesian,S"]
[Result "1/2-1/2"]
[WhiteElo "2381"]
[BlackElo "2647"]

1.d4 Nf6 2.Bg5 c5 3.d5 Ne4 4.Bf4 Qb6 5.Bc1 e5 6.f3 Nd6 7.e4 f5 8.c4 fxe4
9.fxe4 Nf7 10.Nc3 Be7 11.Nf3 Qg6 12.Be3 d6 13.Qd2 O-O 14.h3 a6 15.a4 Nd7
16.g4 Nh8 17.Bg2 Qe8 18.O-O Ng6 19.Ng5 Rxf1+ 20.Rxf1 Ndf8 21.b3 Bd7 22.Ne2 b5
23.a5 bxc4 24.bxc4 Rb8 25.Ng3 Rb4 26.Nh5 Nf4 27.Bxf4 exf4 28.Qc3 Qg6 29.Nf3 Qh6
30.e5 Be8 31.Nd4 Bxh5 32.Nf5 Qg5 33.h4 Qxg4 34.Nxe7+ Kh8 35.exd6 Qxh4 36.Nc6 Rb7
37.Qe5 Rf7 38.Qe4 Bg6 39.Qe5 h6 40.Rf3 Nd7 41.Qe6 Qg5 42.Ne7 Nf8 43.Nxg6+ Qxg6
44.Qxg6 Nxg6 45.Bh3 Ne5 46.Rb3 g5 47.Rb8+ Kg7 48.Re8 g4 49.Rxe5 gxh3 50.Rh5 Rd7
51.Kf2 Rxd6  1/2-1/2

[Event "EuTCh"]
[Site "Plovdiv BUL"]
[Date "2003.10.11"]
[Round "1"]
[White "Rusev,K"]
[Black "Socko,B"]
[Result "0-1"]
[WhiteElo "2379"]
[BlackElo "2547"]

1.d4 Nf6 2.Bg5 c5 3.d5 Ne4 4.Bf4 Qb6 5.Bc1 g6 6.f3 Nd6 7.e4 Bg7 8.Nd2 O-O
9.f4 e6 10.e5 Nf5 11.Nc4 Qd8 12.Nf3 d6 13.g4 exd5 14.gxf5 dxc4 15.f6 Bh6
16.Bxc4 Nc6 17.f5 Bxc1 18.fxg6 Nxe5 19.Nxe5 Qxf6 20.gxf7+ Kh8 21.Qh5 Bxb2
22.Rg1 Bf5  0-1

[Event "EuTCh w"]
[Site "Plovdiv BUL"]
[Date "2003.10.12"]
[Round "2"]
[White "Mamedjarova,Z"]
[Black "Paehtz,E"]
[Result "1/2-1/2"]
[WhiteElo "2345"]
[BlackElo "2419"]

1.d4 Nf6 2.Bg5 c5 3.d5 Ne4 4.Bc1 d6 5.f3 Nf6 6.e4 g6 7.Bd3 Bg7 8.Ne2 O-O
9.O-O Na6 10.Bxa6 bxa6 11.Bd2 Qb6 12.Bc3 e6 13.Qd2 exd5 14.exd5 Qb7 15.Rd1 Re8
16.Ng3 Qe7 17.Na3 Bb7 18.Nc4 Rad8 19.Re1 Qf8 20.Ne4 Nxe4 21.fxe4 Bc8 22.Ba5 Rd7
23.Re2 Bd4+ 24.Kh1 Qg7 25.Rae1 Rf8 26.Rf1 Rb7 27.Nxd6 Rxb2 28.Nxc8 Rxc8 29.d6 f6
30.Qd3 Qd7 31.c3 c4 32.Qh3 Qxh3 33.gxh3 Rxe2 34.cxd4 c3 35.d7 Ra8 36.d8=Q+ Rxd8
37.Bxd8 c2 38.Ba5 Rxe4 39.Bc3 Re3 40.Bb2 Re2 41.Kg1 Kf7 42.Rf2 Re1+ 43.Rf1 Re2
44.Rf2 Re1+ 45.Rf1 Re2  1/2-1/2